Länder nach Truppenstärke (2022) - Statistiken

Allgemein
  • Dieses Quiz wurde 172 mal gespielt
  • Das Durchschnittsergebnis liegt bei 7 aus 8
Antwortstatistiken
Truppenstärke Land % Korrekt
2.000.000 China
100%
1.390.000 Vereinigte Staaten
99%
850.000 Russland
97%
1.450.000 Indien
90%
1.200.000 Nordkorea
81%
555.000 Südkorea
69%
575.000 Iran
66%
640.000 Pakistan
66%
Keine übereinstimmenden Quizze gefunden
Verteilung der Resultate
Anzahl Personen mit jedem Resultat
Perzentil nach korrekt beantworteten Fragen
Ihre Resultats-Entwicklung
Sie haben dieses Quiz noch nicht gespielt